000 00292nam a2200133Ia 4500
100 _aHirsch/S.C
942 _cBK
654 _acomputer
245 _aBasic programming self-taught
260 _bprentice hall
_aNew Delhi
_c1985
082 _a1.6424
_bHIR
300 _a277
546 _aENGLISH
999 _c26848
_d26848